Statistics for Čeští zlatí medailisté na Olympijských hrách

Click here to take the quiz!

General Stats

  • This quiz has been taken 219 times
    (185 since last reset)
  • The average score is 12 of 25

Answer Stats

Olympijské hrySportovec (tým)% Correct
Nagano, 1998Český hokejový tým
89%
Pchjongčchang, 2018 (2x)Ester Ledecká
84%
Vancouver, 2010 (2x)Martina Sáblíková
83%
Soči, 2014Martina Sáblíková
83%
Tokio, 2020Lukáš Krpálek
71%
Rio de Janeiro, 2016Lukáš Krpálek
71%
Peking, 2008Barbora Špotáková
70%
Londýn, 2012Barbora Špotáková
70%
Atlanta, 1996Jan Železný
61%
Sydney, 2000Jan Železný
61%
Soči, 2014Eva Samková
57%
Athény, 2004Roman Šebrle
53%
Salt Lake City, 2002Aleš Valenta
52%
Turín, 2006Kateřina Neumannová
47%
Tokio, 2020Jiří Prskavec
42%
Atlanta, 1996 (2x)Martin Doktor
32%
Peking, 2008Kateřina Emmons
30%
Tokio, 2020B. Krejčíková, K. Siniaková
28%
Londýn, 2012David Svoboda
25%
Sydney, 2000Štěpánka Hilgertová
22%
Atlanta, 1996Štěpánka Hilgertová
22%
Tokio, 2020Jiří Lipták
21%
Peking, 2008David Kostelecký
20%
Londýn, 2012Jaroslav Kulhavý
20%
Londýn, 2012Miroslava Knapková
19%

Score Distribution

Percentile by Number Answered

Percent of People with Each Score

Your Score History

You have not taken this quiz since the last reset